000 00730nam a2200253 a 4500
001 000010754
003 DO-SdBNP
005 20170927111537.0
007 000010754
008 091009s1994 dr a 000 p spa d
040 _aBPMSU
_bspa
_cBPMSU
049 _a
082 4 _aRD861.44
_bP156s
100 1 _aPelermo, Rosalía
245 1 0 _aSíntesis del ser :
_bconsecuencia del hombre /
_cRosalía Pelerno.
260 _aSanto Domingo :
_bAlfa y Omega,
_c1994.
300 _a61 p. :
_bil. ;
_c22 cm.
650 4 _aPOESÍA DOMINICANA
650 4 _aLITERATURA DOMINICANA
910 _aValidado. Control de calidad MFF
942 _2ddc
_cBK
945 _aInventariado / 2017 VM
956 _aVMATEO
_b10
_c20150501
_lBPMSU
_h00151
999 _c7771
_d7771